<?xml version="1.0" encoding="UTF-8"?>
<record
    xmlns:xsi="http://www.w3.org/2001/XMLSchema-instance"
    xsi:schemaLocation="http://www.loc.gov/MARC21/slim http://www.loc.gov/standards/marcxml/schema/MARC21slim.xsd"
    xmlns="http://www.loc.gov/MARC21/slim">

  <leader>01401nam a22001457a 4500</leader>
  <datafield tag="020" ind1=" " ind2=" ">
    <subfield code="a">978-81-8465-547-6</subfield>
  </datafield>
  <datafield tag="082" ind1=" " ind2=" ">
    <subfield code="a">248 KOZ</subfield>
  </datafield>
  <datafield tag="100" ind1=" " ind2=" ">
    <subfield code="a">Kozhamthadam, Job</subfield>
  </datafield>
  <datafield tag="245" ind1=" " ind2=" ">
    <subfield code="a">Science, Mysticism and East-West Dialogue</subfield>
  </datafield>
  <datafield tag="260" ind1=" " ind2=" ">
    <subfield code="a">Delhi</subfield>
    <subfield code="b">ISPCK Publishers</subfield>
    <subfield code="c">2016</subfield>
  </datafield>
  <datafield tag="300" ind1=" " ind2=" ">
    <subfield code="a">278</subfield>
  </datafield>
  <datafield tag="500" ind1=" " ind2=" ">
    <subfield code="a">Science-Mysticism Dialogue: A Surer Path to Fullness: Job Kozhamthadam

Symbiosis and the Transpersonal Quest for Oneness: Lancy Pereira

Inner Net of the Heart: The Fractal nature of Consciousness: Will Keepin

Pathway to Reality: N.V. Kulkarni

Mysticism and East-West Dialogue on Darwinism: T.D. Singh

Science and the Sacred, Silence and Service: Towards a Dialogical Enrichment between Eastern and Western Mysticism: Kuruvilla Pandikattu

Self-Organizing Systems and Final Causality: Joseph Bracken

The Theory of Evolution: Input for a Teilhardian Mysticism: Kathleen Duffy

Mysticism as Re-enchanting the World: Teilhard De Chardin and Albert Einstein: Sarojini Henry

Islamic Perspective on Mysticism and Modern Science: Yusuf Amin

Modern Science, Mysticism and East-West Dialogue: Tribal Perspective: Nirmal Minz

Concept of Reality Aad Guru Granth Sahib and its physical, Metaphysical and Mystical Aspects: Hardev Singh Virk

The Puzzle of Experiential Primacy and Consciousness: Sangeetha Menon

Engaged Contemplation for a Troubled World: William Grassie
</subfield>
  </datafield>
  <datafield tag="650" ind1=" " ind2=" ">
    <subfield code="a">Mysticism</subfield>
  </datafield>
  <datafield tag="942" ind1=" " ind2=" ">
    <subfield code="c">BK</subfield>
  </datafield>
  <datafield tag="952" ind1=" " ind2=" ">
    <subfield code="0">0</subfield>
    <subfield code="1">0</subfield>
    <subfield code="4">0</subfield>
    <subfield code="7">0</subfield>
    <subfield code="a">HMI</subfield>
    <subfield code="b">HMI</subfield>
    <subfield code="c">GEN</subfield>
    <subfield code="d">2017-11-07</subfield>
    <subfield code="e">ISPCK Publishers</subfield>
    <subfield code="g">375.00</subfield>
    <subfield code="l">1</subfield>
    <subfield code="o">248 KOZ</subfield>
    <subfield code="p">25420</subfield>
    <subfield code="r">2019-08-20</subfield>
    <subfield code="s">2019-08-08</subfield>
    <subfield code="w">2017-11-22</subfield>
    <subfield code="y">BK</subfield>
  </datafield>
  <datafield tag="952" ind1=" " ind2=" ">
    <subfield code="0">0</subfield>
    <subfield code="1">0</subfield>
    <subfield code="4">0</subfield>
    <subfield code="7">0</subfield>
    <subfield code="a">HMI</subfield>
    <subfield code="b">HMI</subfield>
    <subfield code="c">GEN</subfield>
    <subfield code="d">2020-06-11</subfield>
    <subfield code="e">ISPCK</subfield>
    <subfield code="g">375.00</subfield>
    <subfield code="l">0</subfield>
    <subfield code="o">248 KOZ</subfield>
    <subfield code="p">11004424</subfield>
    <subfield code="r">2026-01-16</subfield>
    <subfield code="w">2026-01-16</subfield>
    <subfield code="y">BK</subfield>
  </datafield>
  <datafield tag="999" ind1=" " ind2=" ">
    <subfield code="c">20774</subfield>
    <subfield code="d">20774</subfield>
  </datafield>
</record>
